<?xml version="1.0" encoding="UTF-8"?>
<record
    xmlns:xsi="http://www.w3.org/2001/XMLSchema-instance"
    xsi:schemaLocation="http://www.loc.gov/MARC21/slim http://www.loc.gov/standards/marcxml/schema/MARC21slim.xsd"
    xmlns="http://www.loc.gov/MARC21/slim">

  <leader>03422nam a22002777a 4500</leader>
  <controlfield tag="003">BI-BuBU</controlfield>
  <controlfield tag="008">140227t2012    bd ||||dr|||| 00| 0 fre d</controlfield>
  <datafield tag="037" ind1=" " ind2=" ">
    <subfield code="b">Don de l'auteur</subfield>
  </datafield>
  <datafield tag="039" ind1=" " ind2=" ">
    <subfield code="a">20140227145932.0</subfield>
    <subfield code="b">Dieudonn&#xE9; Ndayishimiye</subfield>
  </datafield>
  <datafield tag="040" ind1=" " ind2=" ">
    <subfield code="a">BI-BuBU</subfield>
    <subfield code="b">fre</subfield>
    <subfield code="c">BI-BuBU</subfield>
  </datafield>
  <datafield tag="041" ind1="0" ind2=" ">
    <subfield code="d">fre</subfield>
  </datafield>
  <datafield tag="080" ind1=" " ind2=" ">
    <subfield code="a">R.336.12</subfield>
  </datafield>
  <datafield tag="100" ind1="1" ind2=" ">
    <subfield code="4">aut.</subfield>
    <subfield code="a">Nahayo, Justin</subfield>
  </datafield>
  <datafield tag="245" ind1="1" ind2="0">
    <subfield code="a">Analyse empirique de la soutenabilit&#xE9; du d&#xE9;ficit budg&#xE9;taire dans les pays de l'EAC [East African Community] de 1980 &#xE0; 2009</subfield>
    <subfield code="c">par Justin Nahayo, Innocent Ntahomvukiye ; Arcade Ndoricimpa, directeur</subfield>
  </datafield>
  <datafield tag="260" ind1=" " ind2=" ">
    <subfield code="a">Bujumbura</subfield>
    <subfield code="b">Universit&#xE9; du Burundi, Facult&#xE9; des Sciences Economiques et administratives</subfield>
    <subfield code="c">2012</subfield>
  </datafield>
  <datafield tag="300" ind1=" " ind2=" ">
    <subfield code="a">IX- 85 f.</subfield>
    <subfield code="c">30 cm.</subfield>
  </datafield>
  <datafield tag="500" ind1=" " ind2=" ">
    <subfield code="a">M&#xE9;moire pr&#xE9;sent&#xE9; et d&#xE9;fendu publiquement en vue de l'obtention du grade de Licence en Sciences Economiques et Administratives.
Option : Economie Politique</subfield>
  </datafield>
  <datafield tag="520" ind1=" " ind2=" ">
    <subfield code="a">L'objectif de notre travail &#xE9;tait d'&#xE9;valuer empiriquement la soutenabilit&#xE9; du d&#xE9;ficit budg&#xE9;taire dans les pays de l'EAC pour la p&#xE9;riode 1980-2009.

pour y arriver, nous avons utilis&#xE9; deux m&#xE9;thodes &#xE0; savoir le test de stationnarit&#xE9; du ratio dette publique sur PIB et le test de coint&#xE9;gration des rations recettes et d&#xE9;penses publiques sur PIB. Pour la premi&#xE8;re m&#xE9;thode, nous avons effectu&#xE9; les tests de stationnarit&#xE9; de Philps Perron et de Ng et Perron pour d&#xE9;tecter la pr&#xE9;sence ou non d'une racine unitaire. Les r&#xE9;sultats obtenus montrent que le ration dette publique sur PIB n'est pas stationnaire en niveau au Rwanda, au Kenya et en Tanzanie. En ce qui concerne le Burundi et de l'Ouganda, le d&#xE9;ficit budg&#xE9;taire est soutenable.

Pour la deuxi&#xE8;me m&#xE9;thode, nous avons utilis&#xE9; le test de coint&#xE9;gration de Johansen pour le Burundi, le Rwanda, la Tanzanie et l'Ouganda, le Kenya &#xE9;tant exclu car les variables ratios recettes et d&#xE9;penses publiques sur PIB sont stationnaires en niveau, donc l'analyse du test de coint&#xE9;gration est possible, et les r&#xE9;sultats montrent qu'il n'existe aucune relation de coint&#xE9;gration entre les variables ratios recettes et d&#xE9;penses publiques sur PIB pour les quatre pays au seuil de signification de 5%. N&#xE9;anmoins, au seuil de 10%, les r&#xE9;sultats du test de coint&#xE9;gration montrent que les ratios recettes et d&#xE9;penses publiques sur PIB entretiennent une &#xE9;volution commune de long terme pour le Burundi et l'Ouganda. Nous avons alors v&#xE9;rifi&#xE9; si la soutenabilit&#xE9; du d&#xE9;ficit budg&#xE9;taire dans ces deux pays est forte ou faible par le test de restriction de Wald et les r&#xE9;sultats de ce test indiquent que la soutenabilit&#xE9; est forte pour l'Ouganda et faible pour le Burundi au seil de signification de 10%.

Ainsi, nous recommandons, aux pays de l'EAC, de ma&#xEE;triser le d&#xE9;ficit budg&#xE9;taire en faisant correspondre les d&#xE9;penses aux ressources disponibles, d'accro&#xEE;tre les d&#xE9;penses d'investissement dans des domaines jug&#xE9;s plus rentables et faire une bonne gestion de la dette publique consistant &#xE0; limiter les emprunts ext&#xE9;rieurs.</subfield>
  </datafield>
  <datafield tag="650" ind1=" " ind2="7">
    <subfield code="2">BI-BuBU</subfield>
    <subfield code="a">D&#xE9;ficit budg&#xE9;taire</subfield>
    <subfield code="x">Soutenabilit&#xE9;</subfield>
    <subfield code="x">Analyse empirique</subfield>
    <subfield code="y">1980-2009</subfield>
    <subfield code="z">Communaut&#xE9; Est-Africaine</subfield>
    <subfield code="9">86064</subfield>
  </datafield>
  <datafield tag="655" ind1=" " ind2="7">
    <subfield code="2">BI-BuBU</subfield>
    <subfield code="a">M&#xE9;moire</subfield>
    <subfield code="y">2012</subfield>
    <subfield code="9">104767</subfield>
  </datafield>
  <datafield tag="700" ind1="1" ind2=" ">
    <subfield code="4">aut.</subfield>
    <subfield code="a">Ntahomvukiye, Innocent</subfield>
    <subfield code="9">86066</subfield>
  </datafield>
  <datafield tag="700" ind1="1" ind2=" ">
    <subfield code="4">dir.</subfield>
    <subfield code="a">Ndoricimpa, Arcade</subfield>
    <subfield code="9">112153</subfield>
  </datafield>
  <datafield tag="710" ind1=" " ind2=" ">
    <subfield code="a">Universit&#xE9; du Burundi</subfield>
    <subfield code="b">Facult&#xE9; des Sciences Economiques et Administratives</subfield>
    <subfield code="9">86067</subfield>
  </datafield>
  <datafield tag="942" ind1=" " ind2=" ">
    <subfield code="2">udc</subfield>
    <subfield code="c">MEM</subfield>
  </datafield>
  <datafield tag="999" ind1=" " ind2=" ">
    <subfield code="c">22155</subfield>
    <subfield code="d">22155</subfield>
  </datafield>
  <datafield tag="952" ind1=" " ind2=" ">
    <subfield code="0">0</subfield>
    <subfield code="1">0</subfield>
    <subfield code="2">udc</subfield>
    <subfield code="4">0</subfield>
    <subfield code="7">0</subfield>
    <subfield code="9">34413</subfield>
    <subfield code="a">BC</subfield>
    <subfield code="b">BC</subfield>
    <subfield code="d">2014-02-27</subfield>
    <subfield code="e">don de l'auteur</subfield>
    <subfield code="l">0</subfield>
    <subfield code="o">R.336.12 NAH. </subfield>
    <subfield code="p">5010000301071</subfield>
    <subfield code="r">2014-02-27</subfield>
    <subfield code="t">1</subfield>
    <subfield code="w">2014-02-27</subfield>
    <subfield code="y">MEM</subfield>
    <subfield code="a">BC</subfield>
  </datafield>
  <datafield tag="952" ind1=" " ind2=" ">
    <subfield code="0">0</subfield>
    <subfield code="1">0</subfield>
    <subfield code="2">udc</subfield>
    <subfield code="4">0</subfield>
    <subfield code="7">0</subfield>
    <subfield code="9">34414</subfield>
    <subfield code="a">BC</subfield>
    <subfield code="b">BC</subfield>
    <subfield code="d">2014-02-27</subfield>
    <subfield code="e">don de l'auteur</subfield>
    <subfield code="l">0</subfield>
    <subfield code="o">R.336.12 NAH. </subfield>
    <subfield code="p">5010000301088</subfield>
    <subfield code="r">2014-02-27</subfield>
    <subfield code="t">2</subfield>
    <subfield code="w">2014-02-27</subfield>
    <subfield code="y">MEM</subfield>
    <subfield code="a">BC</subfield>
  </datafield>
  <datafield tag="952" ind1=" " ind2=" ">
    <subfield code="0">0</subfield>
    <subfield code="1">0</subfield>
    <subfield code="2">udc</subfield>
    <subfield code="4">0</subfield>
    <subfield code="7">1</subfield>
    <subfield code="9">61942</subfield>
    <subfield code="b">BFSEA</subfield>
    <subfield code="d">2019-06-05</subfield>
    <subfield code="e">Don de l'auteur</subfield>
    <subfield code="l">0</subfield>
    <subfield code="o">R.336.12 NAH.</subfield>
    <subfield code="p">5010000469009</subfield>
    <subfield code="r">2019-06-05</subfield>
    <subfield code="t">3</subfield>
    <subfield code="w">2019-06-05</subfield>
    <subfield code="y">MEM</subfield>
    <subfield code="a">BFSEA</subfield>
  </datafield>
</record>
